| 000 | 00481nam a2200169 4500 | ||
|---|---|---|---|
| 001 | 120385 | ||
| 003 | ES-MaACL | ||
| 005 | 20230906191534.0 | ||
| 007 | t| | ||
| 008 | 070214s1969 sp r ||||1| spa d | ||
| 100 | 1 |
_aPohier, J. M. _992736 |
|
| 245 | 1 | 0 |
_aPsicología y teología / _cJ. M. Pohier ; versión de José A. Pombo. |
| 260 |
_aBarcelona : _bHerder, _c1969. |
||
| 300 |
_a423 p. ; _c22 cm. |
||
| 700 | 1 |
_aPombo, Josep A. _992907 |
|
| 852 |
_aES-MaACL _jC-39156 _bR.72578 |
||
| 999 |
_c120385 _d120385 |
||